Profesor Imrich Karvaš - národohospodár, vedec, politik a pedagóg
Život a dielo významného slovenského národohospodára, vedca, politika a pedagóga Imricha Karvaša.
Guardado en:
| Autor principal: | |
|---|---|
| Formato: | Capítulo de libro |
| Lenguaje: | eslovaco |
| Materias: | |
| Etiquetas: |
Sin Etiquetas, Sea el primero en etiquetar este registro!
|
MARC
| LEADER | 00000naa a2200000 4500 | ||
|---|---|---|---|
| 001 | r048112 | ||
| 005 | 20220421111803.4 | ||
| 041 | 0 | |a slo | |
| 044 | |a SK | ||
| 245 | 1 | 0 | |a Profesor Imrich Karvaš - národohospodár, vedec, politik a pedagóg |c Egon Hlavatý |
| 520 | |a Život a dielo významného slovenského národohospodára, vedca, politika a pedagóga Imricha Karvaša. | ||
| 610 | 2 | 0 | |a ekonómovia |
| 610 | 2 | 0 | |a Karvaš, I. |
| 610 | 2 | 0 | |a životopisy |
| 610 | 2 | 0 | |a veda ekonomická |
| 610 | 2 | 0 | |a teórie ekonomické |
| 610 | 2 | 0 | |a hospodárstvo národné |
| 610 | 2 | 0 | |a mena |
| 100 | 1 | |a Hlavatý, Egon | |